| 000 | 00435nam a2200133Ia 4500 | ||
|---|---|---|---|
| 008 | 230917s9999||||xx |||||||||||||| ||und|| | ||
| 040 |
_e189179 _aMAIN |
||
| 041 | _aEnglish | ||
| 082 | _a657.45 I2R(1991)(13) | ||
| 100 | _aIndia, Comptroller and Auditor General of India | ||
| 245 | 0 | _aReport of the Comptroller and Auditor General of India, no.13 (Commercial) of 1991: Bharat Ophthalmic Glass Limited | |
| 300 | _a18 p. | ||
| 942 | _cBK | ||
| 999 |
_c73608 _d73608 |
||